[Event "Biel MTO Open"]
[Site "Biel SUI"]
[Date "2011.07.19"]
[Round "2.18"]
[White "Weber, Tom"]
[Black "Bogner, Sebastian"]
[Result "1/2-1/2"]
[WhiteTitle "FM"]
[BlackTitle "GM"]
[WhiteElo "2324"]
[BlackElo "2528"]
[WhiteFideId "4000609"]
[BlackFideId "4692055"]
[EventDate "2011.07.18"]

1. c4 Nf6 2. g3 c6 3. Nf3 d5 4. Bg2 dxc4 5. Na3 Be6 6. Ng5 Bd5 7. e4 h6 8. exd5
hxg5 9. dxc6 Nxc6 10. O-O Rc8 11. Nxc4 e6 12. d3 Nd5 13. a3 Be7 14. Re1 Bf6 15.
Be4 Kf8 16. Rb1 Rc7 17. Bd2 Rd7 18. Ne3 Nb6 19. Bxc6 bxc6 20. Qc2 Rxd3 21. Bb4+
Kg8 22. Qxc6 Qd7 23. Qc2 Kh7 24. a4 Rc8 25. Bc3 Bxc3 26. bxc3 Rxc3 27. Qe2 Rc5
28. Rec1 Rxc1+ 29. Rxc1 Nxa4 30. Qh5+ Kg8 31. Qxg5 Nc3 32. Ra1 f6 33. Qa5 Nb5
34. Rb1 Nd6 35. Ra1 Nc8 36. Rc1 Nb6 37. Ra1 Nc8 38. Rc1 Qd8 39. Qa6 Nb6 40. Qxa7
Rd7 41. Qa6 Rd6 42. Qb7 1/2-1/2

[Event "Biel MTO Open"]
[Site "Biel SUI"]
[Date "2011.07.21"]
[Round "4.17"]
[White "Ulibin, Mikhail"]
[Black "Sukandar, Irine Kharisma"]
[Result "1/2-1/2"]
[WhiteTitle "GM"]
[BlackTitle "WGM"]
[WhiteElo "2538"]
[BlackElo "2366"]
[WhiteFideId "4101405"]
[BlackFideId "7101937"]
[EventDate "2011.07.18"]

1. d4 Nf6 2. c4 e6 3. g3 d5 4. Bg2 dxc4 5. Nf3 Nc6 6. Qa4 Bb4+ 7. Bd2 Nd5 8.
Bxb4 Nxb4 9. O-O Rb8 10. Nc3 a6 11. Ne5 O-O 12. Bxc6 Nxc6 13. Nxc6 bxc6 14. Qxc4
Qd6 15. Ne4 Qd5 16. Qc2 Qxd4 17. b3 Rb5 18. Rfd1 Qe5 19. Nc3 Rc5 20. Rd3 a5 21.
Rad1 Ba6 22. Rd4 Qf5 23. Qd2 h6 24. Re1 Qh3 25. Rh4 Qf5 26. Rd4 Qh3 27. e4 Rh5
28. f3 Kh7 29. Qg2 Qxg2+ 30. Kxg2 Rc5 31. Re3 Kg8 32. h4 Rb8 33. Kf2 Kf8 34. e5
Ke7 35. f4 h5 36. Ke1 Ke8 37. Kd2 Bf1 38. Re1 Bh3 39. Kc2 Bg2 40. Kb2 Bd5 41.
Ra4 Rb4 42. Rd1 Rxa4 43. Nxa4 Rb5 44. Rc1 Kd8 45. Nc5 Kc8 46. Rc3 Rb4 47. Rd3
Rb5 48. Rc3 Rb4 49. a3 Rd4 50. Rd3 Rxd3 51. Nxd3 Kb7 52. Kc3 Kb6 53. b4 Kb5 54.
bxa5 Kxa5 55. Nc5 Kb5 56. Kd4 Bg2 57. Nb7 Bd5 58. Nc5 Bg2 59. Nb7 Bd5 60. Nc5
Bg2 61. Nb7 Bd5 1/2-1/2